| 000 | 00986nam a22002177a 4500 | ||
|---|---|---|---|
| 008 | 100303s2010 mou|||||r|||| 001 0 eng d | ||
| 020 | _a9780323052894 | ||
| 082 |
_222 _a610.73 _bPER |
||
| 100 |
_912190 _aPerry, Anne Griffin. |
||
| 245 |
_aClinical Nursing Skills & Techniques/ _cAnne Griffin Perry& Patricia Ann Potter; Section Editor Wendy Ostendorf |
||
| 250 | _a7th ed. | ||
| 260 |
_aSt. Louis, Mo. : _bElsevier/Mosby, 2010 _c2010 |
||
| 300 |
_a1276 p.; _bCol. ill.; _c27 cm. |
||
| 504 | _aIncludes bibliographical references and index | ||
| 650 |
_912072 _aNursing Care _vHandbooks. |
||
| 650 |
_912071 _aClinical medicine _v-- Handbooks, manuals, etc. |
||
| 650 |
_912117 _aNursing _vHandbooks, manuals, etc. |
||
| 700 |
_912189 _aPotter, Patricia Ann. |
||
| 942 |
_2ddc _cNRB |
||
| 999 |
_c13572 _d13572 |
||